| 000 | 00837nam a2200229Ii 4500 | ||
|---|---|---|---|
| 003 | JO-AjNU | ||
| 008 | 230605s9999||||xx |||||||||||||| ||und|| | ||
| 017 | _a2005/1/185 | ||
| 020 | _a9957-24-211-3 | ||
| 040 |
_aJO-AjNU _bara _erda _cJO-AjNU |
||
| 041 | _aara | ||
| 050 | 1 | 4 | _aHF5686 .A5276 2005 |
| 100 | 3 |
_aالعناتي، رضوان محمد, _eauthor _929862 |
|
| 245 | 0 | 0 | _aمحاسبة التكاليف : مفاهيم ، مبادىء ، تطبيقات |
| 250 | _aط3 | ||
| 264 | 3 | 1 | _aعمان: دار صفاء للنشر والتوزيع، 2005 |
| 300 |
_a232ص _bيحتوي على ببلوغرافية من ص231-232ص |
||
| 336 |
_atext _btxt _2rdacontent |
||
| 337 |
_aunmediated _bn _2rdamedia |
||
| 338 |
_avolume _bnc _2rdacarrier |
||
| 650 | 4 |
_aالمحاسبلة المالية - محاسبة التكاليف _929863 |
|
| 999 |
_aA11767 _c15335 _d15335 |
||